000 00522nam a2200145Ia 4500
008 100204s9999 xx 000 0 und d
082 _b8323
100 _aआठल्ये अनिता
245 _aऋतु नक्षत्राचे नाते
260 _b"उदयदीप प्रकाशन , मुंबई"
_c1986
300 _a194
630 _aऋतु नक्षत्राचे नाते
730 _aऋतु नक्षत्राचे नाते
942 _cBOOK
999 _c452759
_d452756